[Event "AUTO-BEG-344"]
[Site "http://www.queenalice.com/game.php?id=662711"]
[Date "2009.10.4"]
[Round "1"]
[White "nuage"]
[Black "UFC"]
[Result "0-1"]
[WhiteElo "1329"]
[BlackElo "1255"]

1. e4 e6 2. d4 d5 3. exd5 exd5 4. Nc3 c6 5. Nf3 Nf6 6. Bd3 Be7 7. Ne5 Nbd7 8.
O-O O-O 9. Bf5 Nxe5 10. Bf4 Ng6 11. Re1 Nxf4 12. Re5 Bxf5 13. Rxf5 Ng6 14. Qe2
Re8 15. h4 Nxh4 16. Rf4 Ng6 17. Rf3 Bb4 18. Qd3 Qd7 19. Ne2 Qe6 20. Re3 Qd7 21.
Ng3 Rxe3 22. Qxe3 Re8 23. Qb3 Bd6 24. c4 dxc4 25. Qxc4 Bxg3 26. fxg3 Qd6 27. Qd3
Qe6 28. Re1 Qxe1+ 29. Kh2 Ng4+ 0-1

[Event "AUTO-BEG-344"]
[Site "http://www.queenalice.com/game.php?id=662712"]
[Date "2009.10.4"]
[Round "1"]
[White "UFC"]
[Black "littlespanish"]
[Result "1-0"]
[WhiteElo "1227"]
[BlackElo "1191"]

1. d4 d5 2. c4 dxc4 3. e4 e6 4. Bxc4 Nf6 5. e5 Ne4 6. Qd3 f5 7. exf6 Nxf6 8. Bg5
Nc6 9. Nf3 Bb4+ 10. Nbd2 h6 11. Be3 Ng4 12. O-O Bd6 13. h3 Nxe3 14. fxe3 Bb4 15.
Qg6+ Kd7 16. Qxe6# 1-0

[Event "AUTO-BEG-344"]
[Site "http://www.queenalice.com/game.php?id=662713"]
[Date "2009.10.4"]
[Round "1"]
[White "littlespanish"]
[Black "UFC"]
[Result "1-0"]
[WhiteElo "1149"]
[BlackElo "1424"]

1. e4 e6 2. Nc3 d5 3. exd5 exd5 4. d4 Nf6 5. Nf3 Be7 6. Bf4 a6 7. Bd3 O-O 8. Ne5
Nc6 9. Nxc6 bxc6 10. Qe2 Re8 11. O-O-O Bb4 12. Qf3 Bxc3 13. bxc3 Be6 14. Rhe1
Bg4 15. Qg3 Bxd1 16. Bh6 g6 17. Kxd1 Rxe1+ 18. Kxe1 Qe8+ 19. Qe3 Qxe3+ 20. fxe3
Re8 21. Bf4 Ng4 22. Kd2 Re7 23. h3 Nf6 24. Be5 Ne4+ 25. Bxe4 dxe4 26. g4 h5 27.
gxh5 gxh5 28. c4 Kh7 29. Bf4 Kg6 30. d5 cxd5 31. cxd5 Kf5 32. c4 Kf6 33. c5 Kg6
34. d6 cxd6 35. cxd6 Rd7 36. Kc3 Kf5 37. Kc4 Ke6 38. Kc5 a5 39. Kc6 a4 40. Bh2
Rb7 41. Kxb7 1-0

[Event "AUTO-INT-1480"]
[Site "http://www.queenalice.com/game.php?id=667633"]
[Date "2009.10.15"]
[Round "1"]
[White "XdaQuestao"]
[Black "UFC"]
[Result "0-1"]
[WhiteElo "1915"]
[BlackElo "1377"]

1. e4 e6 2. Nc3 b6 3. f4 Bb7 4. Nf3 Nc6 5. Bc4 Na5 6. Be2 Bb4 7. d3 d5 8. Bd2
dxe4 9. Nxe4 Bxd2+ 10. Qxd2 Bxe4 11. dxe4 Ne7 12. O-O-O O-O 13. Qc3 Qc8 14. g4
Rd8 15. Rxd8+ Qxd8 0-1

[Event "AUTO-INT-1480"]
[Site "http://www.queenalice.com/game.php?id=667634"]
[Date "2009.10.15"]
[Round "1"]
[White "UFC"]
[Black "XdaQuestao"]
[Result "1-0"]
[WhiteElo "1347"]
[BlackElo "1915"]

1. d4 Nf6 2. c4 g6 3. e3 Bg7 4. Nf3 O-O 5. Bd3 d6 6. O-O c5 7. d5 e5 8. e4 h5 9.
Nc3 a6 10. Be3 Ng4 11. Bd2 f5 12. h3 Nf6 13. Re1 f4 14. a3 Nh7 15. Nh2 Qg5 16.
Nf3 1-0

[Event "AUTO-INT-1480"]
[Site "http://www.queenalice.com/game.php?id=667647"]
[Date "2009.10.15"]
[Round "1"]
[White "chouia"]
[Black "UFC"]
[Result "1-0"]
[WhiteElo "1711"]
[BlackElo "1402"]

1. d4 d5 2. Nf3 e6 3. Bf4 Bd6 4. Bxd6 cxd6 5. e3 f6 6. Be2 Nc6 7. O-O g6 8. c4
Nce7 9. cxd5 exd5 10. Nbd2 g5 11. Rc1 h5 12. h3 g4 13. hxg4 hxg4 14. Nh2 Qd7 15.
Bxg4 f5 16. Bh5+ Kd8 17. Bf3 Qe6 18. Qb3 Qh6 19. Rfd1 Nf6 20. Ndf1 Ke8 21. Qb5+
Kf7 22. Rc7 1-0

[Event "AUTO-INT-1480"]
[Site "http://www.queenalice.com/game.php?id=667648"]
[Date "2009.10.15"]
[Round "1"]
[White "UFC"]
[Black "chouia"]
[Result "0-1"]
[WhiteElo "1406"]
[BlackElo "1707"]

1. d4 d5 2. c4 c6 3. e3 Bf5 4. c5 Nf6 5. Bd3 Bg4 6. f3 Bd7 7. f4 Bg4 8. Nf3 Ne4
9. h3 Bf5 10. Bxe4 Bxe4 11. Nc3 Bf5 12. Nh4 Bd7 13. O-O e6 14. Nf3 Be7 15. Ne5
O-O 16. Bd2 Bh4 17. Be1 Bf6 18. Nxd7 Nxd7 19. Bg3 Bh4 20. Qe1 Bxg3 21. Qxg3 Nf6
0-1

[Event "AUTO-INT-1480"]
[Site "http://www.queenalice.com/game.php?id=667657"]
[Date "2009.10.15"]
[Round "1"]
[White "UFC"]
[Black "carlosjvega"]
[Result "0-1"]
[WhiteElo "1284"]
[BlackElo "1623"]

1. d4 c6 2. c4 d5 3. e3 Bf5 4. c5 Nd7 5. Bd3 Bxd3 6. Qxd3 g6 7. Nc3 Ngf6 8. Nf3
Bg7 9. O-O O-O 10. Re1 Re8 11. Bd2 e5 12. dxe5 Nxe5 13. Nxe5 Rxe5 14. Bc1 Ne4
15. f4 Rh5 16. Nxe4 Qh4 0-1

[Event "AUTO-INT-1480"]
[Site "http://www.queenalice.com/game.php?id=667658"]
[Date "2009.10.15"]
[Round "1"]
[White "carlosjvega"]
[Black "UFC"]
[Result "0-1"]
[WhiteElo "1625"]
[BlackElo "1282"]

1. e4 d5 2. exd5 Qxd5 3. Nf3 Qa5 4. Nc3 e6 5. Bb5+ c6 6. Ba4 b5 7. Bb3 Nf6 8.
O-O Bb7 9. a3 Be7 10. Ne2 O-O 11. c3 Qc7 12. Bc2 Rd8 13. d4 c5 14. Be3 Bxf3 15.
Qd2 Bd6 16. g3 Qd7 17. b4 e5 18. dxc5 Qh3 0-1

[Event "AUTO-OPEN-1724"]
[Site "http://www.queenalice.com/game.php?id=667689"]
[Date "2009.10.15"]
[Round "1"]
[White "rheenz"]
[Black "UFC"]
[Result "1-0"]
[WhiteElo "2030"]
[BlackElo "1312"]

1. e4 e6 2. d4 d5 3. e5 c5 4. c3 c4 5. b3 cxb3 6. Qxb3 Nc6 7. Nf3 Qb6 8. Qc2 Bd7
9. Nbd2 g6 10. Rb1 Bg7 11. Rxb6 1-0

[Event "AUTO-OPEN-1724"]
[Site "http://www.queenalice.com/game.php?id=667690"]
[Date "2009.10.15"]
[Round "1"]
[White "UFC"]
[Black "rheenz"]
[Result "0-1"]
[WhiteElo "1408"]
[BlackElo "2121"]

1. d4 Nf6 2. c4 e6 3. e3 d5 4. c5 c6 5. Nf3 b6 6. cxb6 axb6 7. Be2 Bd6 8. O-O
O-O 9. Nc3 Ba6 10. Bxa6 Nxa6 11. Bd2 b5 12. a3 Nb8 13. Rb1 Nbd7 14. Qc2 Nb6 15.
Be1 h6 16. Ra1 Nc4 17. Rb1 Qe7 18. Qb3 b4 19. axb4 Bxb4 20. Ne2 Bxe1 21. Rfxe1
Rfb8 22. Qc3 Ne4 23. Qc2 Ra2 24. Qc1 Raxb2 25. Rxb2 Nxb2 26. Qxc6 Nd3 27. Rf1
Rb2 28. Nc1 Ndxf2 29. Rxf2 Rxf2 0-1

[Event "AUTO-OPEN-1724"]
[Site "http://www.queenalice.com/game.php?id=667713"]
[Date "2009.10.15"]
[Round "1"]
[White "UFC"]
[Black "Armandu"]
[Result "0-1"]
[WhiteElo "1310"]
[BlackElo "2066"]

1. d4 Nf6 2. c4 e6 3. e3 d5 4. Nf3 c6 5. c5 b6 6. cxb6 axb6 7. Be2 Bd6 8. Nc3
O-O 9. O-O c5 10. b3 Ba6 11. Bxa6 Nxa6 12. Bb2 Nb4 13. a3 Nc6 14. Nb5 Ne4 15.
dxc5 bxc5 16. Nc3 f5 17. Nd2 Nxd2 18. Qxd2 Qb8 19. Qc2 Bxh2+ 20. Kh1 Be5 21. Nd1
Bd6 22. Qc3 d4 23. exd4 Nxd4 24. Re1 Qxb3 25. Qxb3 Nxb3 26. Rb1 Nd2 27. Rc1 Kf7
28. Rc2 Nb3 29. Re3 Nd4 30. Bxd4 cxd4 31. Rb3 Rxa3 32. Rxa3 Bxa3 33. Rd2 e5 34.
Kh2 Rc8 35. Nb2 Bxb2 36. Rxb2 e4 37. Rd2 d3 38. Kg3 Rc2 39. Rd1 g5 0-1

[Event "AUTO-OPEN-1724"]
[Site "http://www.queenalice.com/game.php?id=667714"]
[Date "2009.10.15"]
[Round "1"]
[White "Armandu"]
[Black "UFC"]
[Result "1-0"]
[WhiteElo "1753"]
[BlackElo "1257"]

1. e4 e6 2. d4 d5 3. Nc3 c5 4. Nf3 Nc6 5. exd5 exd5 6. Bb5 Bd7 7. O-O Bd6 8.
dxc5 Bxc5 9. Qxd5 Be7 10. Ng5 Be6 11. Nxe6 Qxd5 12. Nc7+ 1-0

[Event "AUTO-OPEN-1724"]
[Site "http://www.queenalice.com/game.php?id=667715"]
[Date "2009.10.15"]
[Round "1"]
[White "UFC"]
[Black "Artking"]
[Result "0-1"]
[WhiteElo "1272"]
[BlackElo "1868"]

1. d4 c5 2. d5 d6 3. c4 Nf6 4. e3 g6 5. Nf3 Bg7 6. Be2 Nbd7 7. O-O Ng4 8. h3
Nge5 9. Nc3 O-O 10. e4 a6 11. Bf4 Nxf3+ 12. Bxf3 Ne5 13. Bxe5 Bxe5 14. Qd3 e6
15. Ne2 f5 16. g3 Qf6 17. Nc3 fxe4 18. Bxe4 exd5 19. Bxd5+ Kg7 20. f4 Bd4+ 21.
Kg2 Bd7 22. Ne4 Qe7 23. Rab1 Rab8 24. b3 b5 25. Ng5 bxc4 26. bxc4 Rxb1 27. Qxb1
Qe2+ 28. Kh1 Re8 29. Bf3 Qxc4 30. Re1 Re3 31. Rxe3 Bxe3 32. Qa1+ Bd4 33. Qe1 Kh6
34. Be2 Bc6+ 35. Kh2 Qxa2 36. h4 Bb5 37. Kh3 Bxe2 38. Nf7+ Kh5 39. g4+ Bxg4+ 40.
Kg3 Qb3+ 0-1

[Event "AUTO-OPEN-1724"]
[Site "http://www.queenalice.com/game.php?id=667716"]
[Date "2009.10.15"]
[Round "1"]
[White "Artking"]
[Black "UFC"]
[Result "1-0"]
[WhiteElo "1753"]
[BlackElo "1257"]

1. g4 d5 2. Bg2 Bxg4 3. c4 c6 4. Qb3 Qc7 5. cxd5 Bd7 6. Nc3 Nf6 7. e4 Qb6 8. Qc2
h6 9. Nf3 Na6 10. a3 Rc8 11. Ne5 Qc5 12. b4 Qd6 13. d4 Qb8 14. Bf4 cxd5 15. exd5
Nxb4 16. axb4 Bb5 17. Ng6 fxg6 18. Bxb8 1-0

[Event "AUTO-BEG-347"]
[Site "http://www.queenalice.com/game.php?id=668522"]
[Date "2009.10.17"]
[Round "1"]
[White "UFC"]
[Black "H_U_G_O"]
[Result "1-0"]
[WhiteElo "1416"]
[BlackElo "1215"]

1. d4 e6 2. c4 Bb4+ 3. Bd2 Qe7 4. a3 Bxd2+ 5. Nxd2 Qh4 6. Ngf3 Qe7 7. e3 Nf6 8.
b4 Na6 9. Be2 g6 10. O-O h5 11. b5 Nb8 12. a4 b6 13. Nb3 Ne4 14. Qd3 Ng5 15.
Nxg5 Qxg5 16. Bf3 1-0

[Event "AUTO-BEG-347"]
[Site "http://www.queenalice.com/game.php?id=668523"]
[Date "2009.10.17"]
[Round "1"]
[White "H_U_G_O"]
[Black "UFC"]
[Result "0-1"]
[WhiteElo "1224"]
[BlackElo "1407"]

1. e3 e5 2. Qh5 Nc6 3. Bc4 Qf6 4. Qd1 Bc5 5. Nf3 Nge7 6. Nc3 Na5 7. Bd3 d5 8.
Nb5 Bd6 9. b4 e4 10. Be2 exf3 11. Bxf3 Qxa1 12. Nc3 Be5 0-1

[Event "AUTO-BEG-347"]
[Site "http://www.queenalice.com/game.php?id=668524"]
[Date "2009.10.17"]
[Round "1"]
[White "UFC"]
[Black "nuage"]
[Result "0-1"]
[WhiteElo "1425"]
[BlackElo "1389"]

1. d4 d5 2. c4 e6 3. e3 Na6 4. c5 b6 5. cxb6 axb6 6. a3 Nf6 7. Nf3 Ne4 8. Nc3 c5
9. Be2 Bd6 10. O-O Qf6 11. Qc2 Nxc3 12. bxc3 O-O 13. Bd3 c4 14. Bxh7+ Kh8 15.
Be4 Qh6 16. g3 f5 17. Ne5 dxe4 18. Nc6 Bb7 19. Ne5 Rac8 20. Qe2 Nc7 21. Nxc4 Ba6
22. Qa2 Nd5 0-1

[Event "AUTO-BEG-347"]
[Site "http://www.queenalice.com/game.php?id=668525"]
[Date "2009.10.17"]
[Round "1"]
[White "nuage"]
[Black "UFC"]
[Result "1-0"]
[WhiteElo "1349"]
[BlackElo "1465"]

1. e4 e6 2. d4 d5 3. e5 c5 4. c3 c4 5. Nf3 g6 6. Be2 Bg7 7. Bg5 Ne7 8. Nbd2 h6
9. Qa4+ Nbc6 10. O-O Bd7 11. Qc2 hxg5 12. Nxg5 Nf5 13. Bg4 Qxg5 14. h3 Rh4 15.
Nf3 Qh6 16. Nxh4 Nxh4 17. b3 Ne7 18. bxc4 dxc4 19. Qe2 Nef5 20. Qxc4 Rc8 21. Qb4
b6 22. c4 Nxd4 23. Rad1 Bf8 24. Qb2 1-0